00576nam a2200205 a 4500001001300000003000900013005001700022008004100039020002300080082001500103100001500118245005500133260005300188300000900241500003500250505003200285650001800317650002000335700001500355nice12345678IN_TiNIC20260116013036.0050524s1993 shia grp 000 0 eng  a8185182 c80000a954.6bSHA aShali, S L aKashmirb History and Archaeology Through the Ages aShimlabIndian Institute of Advanced Studyc1993 a311p aincludes index and biblioraphy2 aBibliography, Index, Plates aIndia-Kashmir aKashmir-History1 aShali, S L